[Event "Leutersdorf Sparkasse op 13th"]
[Site "Leutersdorf"]
[Date "2009.02.15"]
[Round "7"]
[White "Rieger, Frank"]
[Black "Gaier, Richard"]
[Result "1-0"]
[WhiteElo "1564"]
[BlackElo "1536"]
[PlyCount "107"]
[EventDate "2009.02.13"]
[EventType "swiss"]
[EventRounds "7"]
[EventCountry "GER"]
[SourceTitle "CBM 128 Extra"]
[Source "ChessBase"]
[SourceDate "2009.03.05"]
[SourceVersion "2"]
[SourceVersionDate "2009.03.25"]
[SourceQuality "1"]

1. e4 e5 2. f4 exf4 3. Nf3 Nc6 4. Bc4 Bc5 5. d4 Bb6 6. Bxf4 Nge7 7. 0-0 0-0 8. c3 d5 9. exd5 Nxd5 10. Bxd5 Qxd5 11. Kh1 Ne7 12. Nbd2 Ng6 13. Bg3 c5 14. dxc5 Qxc5 15. Nb3 Qc6 16. Nfd4 Qa4 17. Qf3 Bxd4 18. Nxd4 Qd7 19. Rae1 Qg4 20. Bd6 Qxf3 21. Rxf3 Rd8 22. Bg3 Bd7 23. Ref1 f6 24. Kg1 Re8 25. Re1 Rxe1+ 26. Bxe1 Re8 27. Bg3 Kf7 28. Kf2 Be6 29. Nxe6 Rxe6 30. Re3 Rxe3 31. Kxe3 Ke6 32. Bb8 a6 33. g3 Ne7 34. a4 Nc6 35. Bc7 Ne5 36. Bxe5 Kxe5 37. a5 h5 38. c4 g5 39. b4 f5 40. b5 f4+ 41. gxf4+ gxf4+ 42. Kf3 Kd4 43. bxa6 bxa6 44. Kxf4 Kxc4 45. h4 Kd4 46. Kg5 Ke5 47. Kxh5 Kf5 48. Kh6 Kf6 49. h5 Kf7 50. Kg5 Kg7 51. Kf5 Kh6 52. Ke6 Kxh5 53. Kd6 Kg6 54. Kc6 1-0

[Event "Leutersdorf Sparkasse op 13th"]
[Site "Leutersdorf"]
[Date "2009.02.14"]
[Round "6"]
[White "Hurtig, Frank"]
[Black "Rieger, Frank"]
[Result "1-0"]
[WhiteElo "1781"]
[BlackElo "1564"]
[PlyCount "63"]
[EventDate "2009.02.13"]
[EventType "swiss"]
[EventRounds "7"]
[EventCountry "GER"]
[SourceTitle "CBM 128 Extra"]
[Source "ChessBase"]
[SourceDate "2009.03.05"]
[SourceVersion "2"]
[SourceVersionDate "2009.03.25"]
[SourceQuality "1"]

1. c4 e5 2. a3 a5 3. Nc3 Nf6 4. g3 Bc5 5. e3 Nc6 6. Bg2 0-0 7. Nge2 Re8 8. 0-0 Qe7 9. d4 exd4 10. exd4 Ba7 11. Bg5 h6 12. Bxf6 Qxf6 13. Nd5 Qd8 14. b4 axb4 15. axb4 d6 16. b5 Ne7 17. Nb4 Qd7 18. Ra2 c6 19. b6 Bxb6 20. Rxa8 d5 21. c5 Bc7 22. Nc2 Ng6 23. Ne3 Bd8 24. h4 Qc7 25. h5 Nf8 26. Nf4 Nd7 27. Bh3 Nb8 28. Bxc8 Qxc8 29. Qg4 Bf6 30. Qxc8 Rxc8 31. Nf5 Rd8 32. Rb1 1-0